=LDR 00000nam 2200000 4500 =001 NUTBA000000000001011 =005 20140408125338.0 =006 =007 =008 =020 ##$$a 978-979-27-4237-4 =035 ##$$a 0010-041400000000281 =082 ##$$a 0005.368 2 =100 ##$$a Jubilee Enterprise =245 ##$$a Caa mengatasi menguasai photoshop CS4 =260 ##$$a Yogyakarta $b Gregorius Agung $c 2008 =300 ##$$a xiii,437 hlm $b ilus $c 21 cm =990 ##$$a 93173/BPAP-NTB/2014